[Event "Werner-Ott-Open Kreuzberger Sommer 2018"]
[Site "Berlin"]
[Date "2018.07.05"]
[Round "6.1"]
[White "Ahmadinia, Ebrahim"]
[Black "Stern, Rene"]
[Result "0-1"]
[WhiteElo "2415"]
[BlackElo "2510"]
[Annotator "Lange,A1&BB_R_640941"]
[PlyCount "126"]
[EventDate "2018.06.30"]
[EventType "swiss"]
[EventRounds "9"]
[EventCountry "GER"]
[SourceTitle "WOOKS_2018_R6"]
[Source "Andreas Lange"]
[SourceDate "2018.07.05"]
[SourceVersion "1"]
[SourceVersionDate "2018.07.05"]
[SourceQuality "1"]
[WhiteTeam "SF Berlin 1903"]
[BlackTeam "SK Koenig Tegel 1949"]
[WhiteTeamCountry "GER"]
[BlackTeamCountry "GER"]

{C47: Schottisches Vierspringerspiel} 1. e4 e5 2. Nf3 Nc6 3. Nc3 Nf6 4. d4 exd4
5. Nxd4 Bb4 {(=)} 6. Nxc6 bxc6 7. Bd3 d5 8. exd5 cxd5 9. O-O O-O 10. h3 Re8 (
10... h6 11. Qf3 c6 12. Bf4 Re8 13. Rae1 Be6 14. Bd2 Bd6 15. b3 Nd7 16. Be2 Ne5
17. Qh5 Ng6 18. Bd3 Nf4 19. Bxf4 Bxf4 20. Ne2 Bd2 21. Rd1 Qg5 22. Qxg5 Bxg5 23.
Nd4 Bd7 24. Rfe1 Bf6 25. Bf5 {Kravtsiv,M (2621)-Leko,P (2707), Berlin Meierei
Bolle, Blitz WM 2015, 0-1 (53)}) 11. Qf3 c6 (11... Rb8 12. Bg5 c6 13. Rad1 Bd6
14. b3 Be5 15. Bf4 Qd6 16. Bxe5 Rxe5 17. Rfe1 Rxe1+ 18. Rxe1 Bd7 19. Qg3 Qxg3
20. fxg3 c5 21. g4 h6 22. Kf2 Kf8 23. Kg3 Re8 24. Rxe8+ Kxe8 25. Kf4 Ke7 26.
Bb5 {Ahmadinia,E (2400)-Stern,R (2522), Berlin, Lichtenrader Herbst 2017, 0-1})
12. Bg5 h6 $146 (12... Be7 13. Bf4 Nd7 14. Rfe1 Bf6 15. Qg3 Nc5 16. Bc7 Qd7 17.
Bf5 Ne6 18. Be5 Qe7 19. Rad1 g6 20. Bg4 Bb7 21. Bd6 Qd8 22. Bxe6 fxe6 23. Be5
Qe7 24. Na4 Bxe5 25. Qxe5 c5 26. Nc3 {½-½ (26) Mueller,R (2012)-Walther,H 
(2035), FV Schach MP 2015/16 Finale, Berlin 2016}) 13. Bf4 Qe7 14. a3 Bd6 15.
b4 a5 16. Bxd6 Qxd6 17. b5 c5 18. Rfd1 Bb7 19. Na4 Re5 20. c4 Qe7 21. Qf4 Nh5
22. Qd2 dxc4 23. Bf1 Rg5 24. f4 Rg6 25. Qf2 Ng3 26. Re1 Qc7 27. Ra2 Nxf1 28.
Qxf1 Qd7 29. Re5 Qxb5 30. Nxc5 Rc8 31. Nxb7 Qxb7 32. Qe2 c3 33. Kh2 Qc6 34. Rc2
Re6 35. Rxe6 fxe6 36. Qe5 Qc4 37. a4 Rc5 38. Qe3 Rc6 39. Kg3 Kf7 40. Qf3 Kg8
41. h4 Rc5 42. h5 Qd4 43. Kh3 Rxh5+ 44. Qxh5 Qd3+ 45. g3 Qxc2 46. Qe8+ Kh7 47.
Qxe6 Qg6 48. Qc4 c2 49. Kg2 h5 50. Kh2 Kh6 51. Qc5 Qe4 52. Qg5+ Kh7 53. Qxh5+
Kg8 54. Qc5 Qe2+ 55. Kh3 Qf1+ 56. Kh2 c1=Q 57. Qd5+ Kf8 58. Qd8+ Kf7 59. Qd7+
Kf6 60. Qd6+ Kf5 61. Qd5+ Kg4 62. Qe6+ Kf3 63. Qd5+ Kf2 0-1

[Event "Werner-Ott-Open Kreuzberger Sommer 2018"]
[Site "Berlin"]
[Date "2018.07.05"]
[Round "6.2"]
[White "Wierzbicki, Jirawat"]
[Black "Radovanovic, Jovica"]
[Result "1/2-1/2"]
[WhiteElo "2161"]
[BlackElo "2311"]
[Annotator "Lange,A1&BB_R_640941"]
[PlyCount "52"]
[EventDate "2018.06.30"]
[EventType "swiss"]
[EventRounds "9"]
[EventCountry "GER"]
[SourceTitle "WOOKS_2018_R6"]
[Source "Andreas Lange"]
[SourceDate "2018.07.05"]
[SourceVersion "1"]
[SourceVersionDate "2018.07.05"]
[SourceQuality "1"]
[WhiteTeam "SK Koenig Tegel 1949"]
[BlackTeam "vereinslos"]
[WhiteTeamCountry "GER"]

{B17: Caro-Kann-Verteidigung} 1. e4 c6 2. d4 d5 3. Nc3 dxe4 4. Nxe4 Nd7 5. Nf3
Ngf6 6. Ng3 e6 7. c3 c5 8. Bd3 cxd4 9. Nxd4 Bc5 10. O-O a6 $146 (10... O-O 11.
Bc2 Qc7 12. Qd3 Ne5 13. Qe2 Ng6 14. Bg5 Nd5 15. Rad1 Be7 16. Bxe7 Qxe7 17. Nf3
Nf6 18. h4 Rd8 19. h5 Nf8 20. h6 g6 21. Qe5 Rxd1 22. Rxd1 Ne8 23. Qd4 Bd7 24.
Ne5 Bc6 25. Be4 {Schilow,W (2361)-Baumert,C (2176), Berlin, BEM 2001 Klasse M,
1-0 (42)}) 11. Bc2 Qc7 12. Ne4 Nxe4 13. Bxe4 Nf6 14. Bc2 Bd7 15. Bg5 Rd8 16.
Qe2 Bxd4 17. cxd4 Bb5 18. Bd3 Bxd3 19. Qxd3 Qc6 20. Bxf6 gxf6 21. Rfd1 Rg8 22.
g3 Rg4 23. Qxh7 Rgxd4 24. Rxd4 Rxd4 25. Qh6 Ke7 26. Qe3 Qd5 1/2-1/2

[Event "Werner-Ott-Open Kreuzberger Sommer 2018"]
[Site "Berlin"]
[Date "2018.07.05"]
[Round "6.3"]
[White "Bui, Bao Anh Le"]
[Black "Malek, Daniel"]
[Result "0-1"]
[WhiteElo "1883"]
[BlackElo "2383"]
[Annotator "Lange,A1&BB_R_640941"]
[PlyCount "80"]
[EventDate "2018.06.30"]
[EventType "swiss"]
[EventRounds "9"]
[EventCountry "GER"]
[SourceTitle "WOOKS_2018_R6"]
[Source "Andreas Lange"]
[SourceDate "2018.07.05"]
[SourceVersion "1"]
[SourceVersionDate "2018.07.05"]
[SourceQuality "1"]
[WhiteTeam "SV Mattnetz Berlin"]
[BlackTeam "SK Zehlendorf"]
[WhiteTeamCountry "GER"]
[BlackTeamCountry "GER"]

{C13: Französische Verteidigung (Klassisches System)} 1. e4 e6 2. d4 d5 3. Nc3
Nf6 4. Bg5 dxe4 5. Nxe4 Be7 6. Bxf6 gxf6 7. Nf3 f5 8. Nc3 a6 9. Ne5 $146 (9.
Qd2 b5 10. O-O-O b4 (10... Qd6 11. Kb1 Nd7 12. Bd3 c5 13. d5 c4 14. dxe6 fxe6
15. Qh6 cxd3 16. Rxd3 Qb6 17. Re1 e5 18. Qxb6 Nxb6 19. Nxe5 O-O 20. f4 Bf6 21.
Rd6 Bxe5 22. fxe5 Nc4 23. Rc6 Bb7 24. Rc7 Rf7 25. Rxf7 {Maze,S (2582)
-Harikrishna,P (2737), Berlin Meierei Bolle, Blitz WM 2015, 0-1 (46)}) 11. Ne2
Bb7 12. Kb1 Nd7 13. Nf4 Nf6 14. Bc4 Bd6 15. Rhe1 O-O 16. Ne5 Ne4 17. Qe3 Qg5
18. f3 Nf6 19. g4 fxg4 20. Rg1 Qh4 21. Ng2 {1-0 (21) Naiditsch,A (2685)-Von
Herman,U (2424), 1. Bundesliga 2009/10, Berlin 2010}) (9. Bc4 b5 10. Bb3 c5 11.
a4 b4 12. Ne2 Nc6 13. O-O Nxd4 14. Nexd4 cxd4 15. Nxd4 Bf6 16. Qf3 Bd7 17. Rad1
O-O 18. Nxe6 fxe6 19. Qb7 {1-0 (19) Bindrich,F (2516)-Von Herman,U (2424), 1.
Bundesliga 2009/10, Trier 2010}) (9. g3 b5 10. Bg2 Bb7 11. O-O O-O 12. a4 b4
13. Ne2 c5 14. c3 Nd7 15. Nf4 Nf6 16. Ne5 Qc7 17. Qe2 Bxg2 18. Nxg2 Rfd8 19.
Rfd1 Ne4 20. Qc4 bxc3 21. bxc3 Bd6 22. Nf3 Qa5 23. Rdc1 cxd4 {Rietze,C (2283)
-Poetsch,H (2424), Bonn, DEM 2011, 1-0 (35)}) 9... Nd7 10. Bc4 Nxe5 11. dxe5
Qxd1+ 12. Rxd1 b5 13. Be2 Bb7 14. Bf3 Bxf3 15. gxf3 Rg8 16. Ne2 f6 17. Nd4 fxe5
18. Nxe6 Bd6 19. Rxd6 cxd6 20. Nc7+ Kf7 21. Nxa8 Rxa8 22. Ke2 Rg8 23. Ke3 Ke6
24. c3 h5 25. h3 h4 26. Ra1 Rg2 27. a4 Rh2 28. axb5 axb5 29. Ra5 Rxh3 30. Ke2
Rh1 31. Rxb5 Rb1 32. Rb8 h3 33. Rh8 Rxb2+ 34. Kd3 Rxf2 35. Rxh3 Rxf3+ 36. Rxf3
e4+ 37. Ke3 exf3 38. Kxf3 Ke5 39. Ke3 f4+ 40. Kf3 d5 0-1

[Event "Werner-Ott-Open Kreuzberger Sommer 2018"]
[Site "Berlin"]
[Date "2018.07.05"]
[Round "6.4"]
[White "Von Herman, Ulf"]
[Black "Sommaro, Katja"]
[Result "1-0"]
[WhiteElo "2354"]
[BlackElo "2087"]
[Annotator "Lange,A1&BB_R_640941"]
[PlyCount "105"]
[EventDate "2018.06.30"]
[EventType "swiss"]
[EventRounds "9"]
[EventCountry "GER"]
[SourceTitle "WOOKS_2018_R6"]
[Source "Andreas Lange"]
[SourceDate "2018.07.05"]
[SourceVersion "1"]
[SourceVersionDate "2018.07.05"]
[SourceQuality "1"]
[WhiteTeam "SK Koenig Tegel 1949"]
[BlackTeam "SV Berolina Mitte"]
[WhiteTeamCountry "GER"]
[BlackTeamCountry "GER"]

{E61: Königsindisch (Abweichungen der Hauptvariante)} 1. d4 Nf6 2. c4 g6 3. Nc3
Bg7 4. Nf3 d6 5. Bg5 O-O 6. e3 Nbd7 7. Be2 c5 (7... a6 8. Qc2 c5 9. O-O b6 10.
Rfd1 Bb7 11. Rac1 Qc7 12. Qb1 Rac8 13. Nd5 Nxd5 14. cxd5 Nf6 15. dxc5 bxc5 16.
e4 h6 17. Bf4 Nd7 18. Bd2 a5 19. Bc3 Ra8 20. Nd2 Ba6 21. Bxa6 Rxa6 22. Nc4 {
Berndt,K (2259)-Hoffmann,R (2178), Oberliga Nord Ost 2009/10, Deutschland 2004
½-½}) 8. d5 h6 $146 (8... Qa5 9. O-O a6 10. a4 h6 11. Bxf6 Nxf6 12. Qb3 Bd7
13. Qa3 Qc7 14. Qb3 Bf5 15. Rfe1 e6 16. Bd1 exd5 17. Nxd5 Nxd5 18. e4 Bd7 19.
exd5 b5 20. axb5 axb5 21. Be2 bxc4 22. Qxc4 Rab8 23. b3 {Schmidek,E (1221)
-Lagunow,E (1526), BJMM 2009 U12, Berlin 2009, 0-1 (47)}) (8... Ng4 9. Nd2 Nh6
10. O-O f5 11. f4 Nf6 12. h3 a6 13. Qc2 Nf7 14. Bh4 Qc7 15. Kh1 Bd7 16. Rae1 b5
17. cxb5 axb5 18. Bxb5 Bxb5 19. Nxb5 Qb7 20. Bxf6 Bxf6 21. a4 Rfc8 22. Nc4 Qxd5
23. Nb6 {Von Herman,U (2400)-Mueller,P (2013), Berlin, Lichtenberger Sommer
2010, 1-0}) 9. Bh4 Re8 10. Nd2 Ne5 11. h3 g5 12. Bg3 Ng6 13. Qc2 e5 14. Bd3 Ne7
15. h4 Nh5 16. hxg5 Nxg3 17. fxg3 hxg5 18. Nf3 f5 19. Nxg5 Nxd5 20. Nxd5 Qxg5
21. Qf2 Rf8 22. Be2 Rf7 23. Bh5 Rf8 24. O-O-O Rb8 25. Be2 Rf7 26. Rh5 Qg6 27.
Rh4 Qg5 28. Nc3 Qf6 29. Bf3 e4 30. Bh5 Rf8 31. Nd5 Qe5 32. Nf4 b5 33. Ng6 Qf6
34. Nxf8 Kxf8 35. Qd2 Ke7 36. Be2 bxc4 37. Rh7 Rb6 38. Qc3 Kf8 39. Bxc4 Qg6 40.
Rh8+ Ke7 41. Rg8 Bxc3 42. Rxg6 Bxb2+ 43. Kc2 Bd7 44. Rh1 Ba4+ 45. Kd2 d5 46.
Rh7+ Kf8 47. Rxb6 axb6 48. Bxd5 Be8 49. Rb7 b5 50. a4 b4 51. a5 Bc3+ 52. Kc1 b3
53. a6 1-0

[Event "Werner-Ott-Open Kreuzberger Sommer 2018"]
[Site "Berlin"]
[Date "2018.07.05"]
[Round "6.5"]
[White "Hacker, Jonas"]
[Black "Kather, Yannick"]
[Result "1/2-1/2"]
[WhiteElo "2291"]
[BlackElo "2053"]
[Annotator "Lange,A1&BB_R_640941"]
[PlyCount "97"]
[EventDate "2018.06.30"]
[EventType "swiss"]
[EventRounds "9"]
[EventCountry "GER"]
[SourceTitle "WOOKS_2018_R6"]
[Source "Andreas Lange"]
[SourceDate "2018.07.05"]
[SourceVersion "1"]
[SourceVersionDate "2018.07.05"]
[SourceQuality "1"]
[WhiteTeam "SC Eppingen"]
[BlackTeam "SC Weisse Dame"]
[WhiteTeamCountry "GER"]
[BlackTeamCountry "GER"]

{B36: Sizilianisch (Maroczy-Aufbau)} 1. e4 c5 2. Nf3 Nc6 3. d4 cxd4 4. Nxd4 g6
5. c4 Nf6 6. Nc3 d6 7. Be2 Nxd4 8. Qxd4 Bg7 9. Be3 O-O 10. Qd2 a5 11. f3 (11.
b3 Nxe4 12. Nxe4 Bxa1 13. Bh6 Bg7 14. h4 Bxh6 15. Qxh6 f6 16. Bd3 Rf7 17. O-O
a4 18. b4 Bf5 19. Rd1 a3 20. h5 Rg7 21. Qf4 Be6 22. h6 Rf7 23. Qe3 Qc8 24. Rc1
Rf8 25. Nc3 Qd7 {Sawlin,L (2303)-Penzold,A (2426), Oberliga Nord Ost 2016/17,
Potsdam 2017 1-0 (39)}) 11... a4 12. O-O Be6 $146 (12... Qa5 13. Rab1 Be6 14.
Nd5 Bxd5 15. Qxa5 Rxa5 16. cxd5 Nd7 17. Rfc1 Nc5 18. Kf1 f5 19. b4 axb3 20.
axb3 fxe4 21. b4 Ra3 22. Bxc5 dxc5 23. bxc5 exf3 24. Bxf3 Ra7 25. Ke2 Be5 26.
h3 Rc8 27. Kd3 {Sliwicka,A (2144)-Schnabel,B (1948), Berlin, Lichtenrader
Herbst 2016, ½-½ (50)}) 13. Nb5 Nd7 14. Rab1 Qa5 15. Qxa5 Rxa5 16. Nc7 Nc5
17. Nxe6 Nxe6 18. Rfd1 Rc8 19. Bf1 Nc5 20. Rd2 Ra6 21. g3 Rb6 22. Rc2 Rbc6 23.
b4 Ne6 24. Rd2 a3 25. Rb3 Ra8 26. Kf2 Rcc8 27. f4 Ra4 28. Kf3 Bb2 29. f5 Nd8
30. b5 Bc1 31. Rc2 Bxe3 32. Kxe3 b6 33. Rcc3 Rca8 34. e5 gxf5 35. exd6 exd6 36.
Bg2 R8a7 37. Bd5 Ne6 38. Rb1 Nc5 39. Kf4 Re7 40. Re3 Raa7 41. Rc1 Rxe3 42. Kxe3
Kg7 43. Kd2 Kf6 44. Rf1 Ke5 45. Kc3 Na4+ 46. Kb3 Nc5+ 47. Kc3 Na4+ 48. Kb3 Nc5+
49. Kc3 1/2-1/2

[Event "Werner-Ott-Open Kreuzberger Sommer 2018"]
[Site "Berlin"]
[Date "2018.07.05"]
[Round "6.6"]
[White "Kohler, Thomas"]
[Black "Gebigke, Martin"]
[Result "1-0"]
[WhiteElo "2147"]
[BlackElo "2050"]
[Annotator "Lange,A1&BB_R_640941"]
[PlyCount "101"]
[EventDate "2018.06.30"]
[EventType "swiss"]
[EventRounds "9"]
[EventCountry "GER"]
[SourceTitle "WOOKS_2018_R6"]
[Source "Andreas Lange"]
[SourceDate "2018.07.05"]
[SourceVersion "1"]
[SourceVersionDate "2018.07.05"]
[SourceQuality "1"]
[WhiteTeam "SC Zitadelle Spandau 1977"]
[BlackTeam "SC Kreuzberg"]
[WhiteTeamCountry "GER"]
[BlackTeamCountry "GER"]

{A13: Reti-Eröffnung} 1. Nf3 Nf6 2. c4 e6 3. g3 d5 4. Bg2 d4 5. O-O c5 6. e3
Nc6 7. exd4 cxd4 8. Re1 Bd6 9. d3 h6 10. Na3 O-O 11. Nc2 a5 $146 (11... e5 12.
b4 Re8 13. c5 Bc7 14. b5 Nb8 15. Na3 Nbd7 16. Qc2 Nf8 17. Bd2 Ng6 18. Nc4 Bf5
19. Qb3 Be6 20. a4 Bd5 21. Bb4 Qd7 22. Rac1 Nh5 23. Nfd2 Nhf4 24. gxf4 Bxg2 25.
Kxg2 Nh4+ 26. Kh1 {Medvegy,Z (2510)-Lauber,A (2449), 1. Bundesliga 2014/15,
Eppingen 2014, 1-0 (41)}) 12. a3 e5 13. Rb1 Rb8 14. c5 Bc7 15. b4 axb4 16. axb4
b5 17. cxb6 Rxb6 18. b5 Re8 19. Na3 Na5 20. Bd2 Rbe6 21. Qa4 Nb7 22. Rec1 Nd5
23. Ne1 Rd6 24. Nc4 Rf6 25. b6 Nxb6 26. Nxb6 Bxb6 27. Rxc8 Qxc8 28. Bxb7 Qd8
29. Be4 Rfe6 30. Qb5 Bc7 31. Bc6 R8e7 32. Bb4 Bd6 33. Bxd6 Qxd6 34. Qb8+ Kh7
35. Be4+ g6 36. Qxd6 Rxd6 37. g4 f6 38. Nf3 Rg7 39. Kf1 Rdd7 40. h4 Kg8 41. h5
gxh5 42. gxh5 Ra7 43. Nh4 Rg5 44. Bg6 Rxg6 45. hxg6 Kg7 46. Kg2 h5 47. Rb6 Kh6
48. Rxf6 e4 49. dxe4 d3 50. f4 Kg7 51. Rd6 1-0

[Event "Werner-Ott-Open Kreuzberger Sommer 2018"]
[Site "Berlin"]
[Date "2018.07.05"]
[Round "6.7"]
[White "Krefenstein, Sergej"]
[Black "Rehberg, Raphael"]
[Result "1-0"]
[WhiteElo "2119"]
[BlackElo "2279"]
[Annotator "Lange,A1&BB_R_640941"]
[PlyCount "81"]
[EventDate "2018.06.30"]
[EventType "swiss"]
[EventRounds "9"]
[EventCountry "GER"]
[SourceTitle "WOOKS_2018_R6"]
[Source "Andreas Lange"]
[SourceDate "2018.07.05"]
[SourceVersion "1"]
[SourceVersionDate "2018.07.05"]
[SourceQuality "1"]
[WhiteTeam "TuS Makkabi Berlin"]
[BlackTeam "SG Lok Brandenburg"]
[WhiteTeamCountry "GER"]
[BlackTeamCountry "GER"]

{E01: Katalanisch} 1. d4 d5 2. c4 e6 3. Nc3 c6 4. Nf3 dxc4 5. a4 Bb4 6. g3 Nd7
7. Bg2 Ngf6 8. O-O O-O 9. Qc2 Qe7 $146 (9... Nd5 10. e4 Nxc3 11. bxc3 Be7 12.
Nd2 a6 13. a5 b5 14. axb6 Nxb6 15. e5 Qc7 16. Ra5 Rb8 17. Ba3 Bxa3 18. Rxa3 c5
19. Ra5 cxd4 20. cxd4 Nd7 21. Rfa1 Rb5 22. Nxc4 Nb6 23. Ne3 Qxc2 24. Nxc2 {
Hohn,A (2068)-Pixa,R (1824), Berlin BEM 2011 Qualifikationsturnier, 1-0 (55)})
(9... a5 10. Rd1 Qe7 11. Bg5 h6 12. Bxf6 Qxf6 13. Ne4 Qe7 14. Ne5 Nb6 15. Nxc4
Nxc4 16. Qxc4 e5 17. d5 Bd7 18. Nc3 Rac8 19. Qb3 Rfd8 20. Rac1 cxd5 21. Bxd5
Bc6 22. e4 Bc5 23. Rd2 Bd4 24. Rcd1 {Eichler,J-Noetzel,F, DPMM 2016 Vorrunde,
Oranienburg 2016, ½-½ (38)}) 10. Na2 Bd6 11. Qxc4 c5 12. Nc3 Nb6 13. Qb3 cxd4
14. Nxd4 e5 15. Ndb5 Be6 16. Qc2 Bc5 17. Bg5 a6 18. Na3 Rac8 19. a5 Nc4 20.
Nxc4 Bxc4 21. Bxf6 gxf6 22. Qe4 Qe6 23. Qh4 f5 24. Bh3 Qg6 25. Rfd1 Rc7 26. e4
fxe4 27. Qxe4 Qxe4 28. Nxe4 Bd4 29. Rac1 Bxb2 30. Rc2 Bb3 31. Rxc7 Bxd1 32.
Rxb7 Bd4 33. Bg2 Rc8 34. h3 Be2 35. Nd6 Rc5 36. Nxf7 Rxa5 37. Nh6+ Kf8 38. Bc6
Bc4 39. Rxh7 Ra2 40. Ng4 Bf7 41. Rxf7+ 1-0

[Event "Werner-Ott-Open Kreuzberger Sommer 2018"]
[Site "Berlin"]
[Date "2018.07.05"]
[Round "6.8"]
[White "Thaer, Abdulkadhim Ismaeel"]
[Black "Federau, Juergen"]
[Result "0-1"]
[WhiteElo "1952"]
[BlackElo "2127"]
[Annotator "Lange,A1&BB_R_640941"]
[PlyCount "56"]
[EventDate "2018.06.30"]
[EventType "swiss"]
[EventRounds "9"]
[EventCountry "GER"]
[SourceTitle "WOOKS_2018_R6"]
[Source "Andreas Lange"]
[SourceDate "2018.07.05"]
[SourceVersion "1"]
[SourceVersionDate "2018.07.05"]
[SourceQuality "1"]
[WhiteTeam "SC Zugzwang 95"]
[BlackTeam "SC Kreuzberg"]
[WhiteTeamCountry "GER"]
[BlackTeamCountry "GER"]

{A30: Englische Eröffnung (Symmetrische Variante)} 1. Nf3 Nf6 2. c4 e6 3. g3 b6
4. Bg2 Bb7 5. O-O Be7 6. b3 O-O 7. Bb2 c5 8. Nc3 d5 9. d4 (9. e3 a6 10. Qe2 Qc7
11. Rac1 Nc6 12. cxd5 exd5 13. d4 cxd4 14. exd4 Qd7 15. Ne5 Nxe5 16. dxe5 Ne8
17. Rfd1 Nc7 18. Na4 Bc5 19. Nxc5 bxc5 20. Rxc5 Rfd8 21. Qd2 Ne6 22. Ra5 Nc7
23. f4 Rab8 {Netzer,D (1943)-Hieronimus,M, Berlin, Unicorn Open 2008, 1-0 (41)}
) 9... dxc4 $146 (9... Nc6 10. e3 dxc4 11. bxc4 Na5 12. Qe2 a6 13. Rfd1 Qc7 14.
d5 exd5 15. Nxd5 Nxd5 16. cxd5 b5 17. Be5 Bd6 18. Bxd6 Qxd6 19. e4 f6 20. Rac1
Rfe8 21. Qc2 Rac8 22. Bh3 Rc7 23. Nd4 Bc8 24. Be6+ {Lebeda,T (1889)-Galkin,W 
(1969), Willingen, DEM 2008 U12 ½-½ (41)}) 10. bxc4 cxd4 11. Qxd4 Qxd4 12.
Nxd4 Bxg2 13. Kxg2 Rc8 14. Rac1 Nc6 15. Nxc6 Rxc6 16. Nb5 a6 17. Na3 Rac8 18.
Rfd1 h5 19. Rb1 Kf8 20. Rd3 Rd8 21. h3 Ke8 22. Kf3 g6 23. Bd4 Nd7 24. Rbd1 e5
25. Be3 e4+ 26. Kxe4 Re6+ 27. Kf4 g5+ 28. Kf3 Ne5+ 0-1

[Event "Werner-Ott-Open Kreuzberger Sommer 2018"]
[Site "Berlin"]
[Date "2018.07.05"]
[Round "6.9"]
[White "Kirchhof, Arno"]
[Black "Weber, Erwin"]
[Result "0-1"]
[WhiteElo "2041"]
[BlackElo "1982"]
[Annotator "Lange,A1&BB_R_640941"]
[PlyCount "110"]
[EventDate "2018.06.30"]
[EventType "swiss"]
[EventRounds "9"]
[EventCountry "GER"]
[SourceTitle "WOOKS_2018_R6"]
[Source "Andreas Lange"]
[SourceDate "2018.07.05"]
[SourceVersion "1"]
[SourceVersionDate "2018.07.05"]
[SourceQuality "1"]
[WhiteTeam "SC Zugzwang 95"]
[BlackTeam "SC Weisse Dame"]
[WhiteTeamCountry "GER"]
[BlackTeamCountry "GER"]

{A80: Holländische Verteidigung} 1. d4 f5 2. Nc3 Nf6 3. Bf4 (3. f3 d5 (3... e6
4. e4 Bb4 5. a3 Bxc3+ 6. bxc3 O-O 7. Bd3 d5 8. e5 Nfd7 9. f4 c5 10. Nf3 Nc6 11.
O-O cxd4 12. cxd4 Nb6 13. Kh1 Bd7 14. Rg1 Rc8 15. g4 Ne7 16. h3 Nc4 17. Qe1 Qe8
18. Qg3 {Neuman,P-Kuhn,G, Berlin, Int. Spandauer Weihnachtsopen 2017, 1-0 (38)}
) 4. Bg5 c6 5. Qd2 h6 6. Bh4 Nbd7 7. O-O-O b5 8. e4 Nb6 9. exf5 b4 10. Nb1 a5
11. Bd3 Nc4 12. Qe2 Qb6 13. Bf2 Ba6 14. Nh3 a4 15. Nf4 b3 16. cxb3 axb3 17. a3
O-O-O {Vogel,R (2318)-Welz,P (2101), Berlin, Lichtenberger Sommer 2009, 1-0 
(53)}) 3... d6 $146 (3... g6 4. d5 Bg7 5. g3 O-O 6. Bg2 d6 7. Qd2 c5 8. Bh6 a6
9. Bxg7 Kxg7 10. a4 Nbd7 11. e3 Nb6 12. b3 Rb8 13. Nge2 e5 14. dxe6 Bxe6 15.
Nf4 Bf7 16. Rd1 Nc8 17. Ncd5 b5 18. Nxf6 {Adam,H (1413)-Wuesthoff,R (1614),
Berlin, Eckbauer Open 2012, 0-1 (69)}) (3... e6 4. e3 Be7 5. h3 O-O 6. Bd3 d5
7. Nb5 Na6 8. c4 Ne4 9. c5 Bh4 10. g3 Bf6 11. h4 c6 12. Nd6 Qa5+ 13. Kf1 h6 14.
Nh3 Qd8 15. Bxe4 fxe4 16. Qh5 Be7 17. Bxh6 Bxd6 18. Bxg7 {Schultze,J (1853)
-Oswald,M (2158), Berlin 2014, Koenigsjaeger Fruehling, 0-1}) 4. e3 e6 5. Bd3
Nc6 6. Nf3 Be7 7. e4 fxe4 8. Nxe4 O-O 9. Bd2 Nxe4 10. Bxe4 Bf6 11. c3 d5 12.
Bd3 e5 13. dxe5 Nxe5 14. Nxe5 Bxe5 15. Qc2 Bg4 16. Be3 Qh4 17. g3 Qh3 18. Be2
Qh5 19. Bxg4 Qxg4 20. Qe2 Qa4 21. O-O Rae8 22. Qd3 c6 23. f4 Bc7 24. Bc5 Bb6
25. Bxb6 axb6 26. a3 Qb3 27. Qd2 Qc4 28. Rae1 b5 29. Rxe8 Rxe8 30. Re1 Re4 31.
Kf2 Qc5+ 32. Kf3 Qe7 33. Re3 Qe8 34. Qe1 Qh5+ 35. Kg2 Qf5 36. Rxe4 dxe4 37. Qe3
c5 38. Qe2 Qd5 39. Kf2 c4 40. Qe3 Qd3 41. g4 Kf7 42. f5 Qc2+ 43. Qe2 Qd3 44.
Qe3 Qc2+ 45. Qe2 Qb1 46. a4 Kf6 {(=)} 47. axb5 Qd3 48. Qe3 Qc2+ 49. Kg3 Qd3 50.
Kf4 Qxe3+ 51. Kxe3 Ke5 52. b6 h5 53. f6 gxf6 54. gxh5 f5 55. h6 f4+ 0-1

[Event "Werner-Ott-Open Kreuzberger Sommer 2018"]
[Site "Berlin"]
[Date "2018.07.05"]
[Round "6.10"]
[White "Krueger, Robin Kevin"]
[Black "Gelman, Josef"]
[Result "1/2-1/2"]
[WhiteElo "1942"]
[BlackElo "1989"]
[Annotator "Lange,A1&BB_R_640941"]
[PlyCount "35"]
[EventDate "2018.06.30"]
[EventType "swiss"]
[EventRounds "9"]
[EventCountry "GER"]
[SourceTitle "WOOKS_2018_R6"]
[Source "Andreas Lange"]
[SourceDate "2018.07.05"]
[SourceVersion "1"]
[SourceVersionDate "2018.07.05"]
[SourceQuality "1"]
[WhiteTeam "MTV Tostedt"]
[BlackTeam "SC Weisse Dame"]
[WhiteTeamCountry "GER"]
[BlackTeamCountry "GER"]

{B13: Caro-Kann (Abtausch-Variante 4.c4)} 1. e4 c6 2. d4 d5 3. exd5 cxd5 4. c4
Nf6 5. Nc3 Nc6 6. Nf3 Bg4 7. Be2 e6 8. O-O dxc4 (8... Be7 9. h3 Bh5 10. cxd5
Nxd5 11. Qb3 a6 12. Nxd5 exd5 13. g4 Bg6 14. Bf4 Na5 15. Qa4+ b5 16. Qd1 O-O
17. Ne5 Bd6 18. Rc1 Nc4 19. Nxg6 fxg6 20. Bxd6 Qxd6 21. b3 Nb6 22. Bf3 Rf4 23.
Bg2 {Pachow,J (2285)-Bakker,S (2199), 2. Bundesliga Nord 2009/10, Neukloster
2010, ½-½ (53)}) 9. Bxc4 $146 (9. Qa4 Nd7 10. Qxc4 Be7 11. d5 Bxf3 12. Bxf3
Nce5 13. Qe2 Nxf3+ 14. Qxf3 O-O 15. dxe6 fxe6 16. Qxb7 Nc5 17. Qb5 Rf5 18. Qe2
Qd3 19. Be3 Qxe2 20. Nxe2 e5 21. Rac1 e4 22. Nd4 Rd5 23. Nc6 Bd6 {Schmidt,J 
(1839)-Cirakoglu,A (1755), Berlin, BEM 2015 Qualifikationsturnier 1-0 (49)})
9... Be7 10. d5 exd5 11. Nxd5 Nxd5 12. Qxd5 O-O 13. Be3 Rc8 14. Rac1 Bxf3 15.
Qxf3 Ne5 16. Qe2 Nxc4 17. Rxc4 Rxc4 18. Qxc4 1/2-1/2